000 00467nam a2200181Ia 4500
003 GCL
008 140319s9999 xx 000 0 eng d
040 _aGCL /
_cGCL
082 0 4 _a920.03
_bB F
100 1 _aBULLOCK, ALAN
245 1 0 _aTHE FONTANA DICTIONARY OF MODERN THINKERS /
_cBULLOCK, ALAN
700 1 _aWOODINGS, R.B
260 _a[S.N] :
_bFONTANA PRESS ،
_c1992
300 _a867 P
650 0 4 _aDICTIONARIES
650 0 4 _aBIOGRAPHY
942 _2ddc
_cBK
999 _c13195
_d13195